Facts about Wales - Statistics

General Stats
  • This quiz has been taken 15 times
  • The average score is 7 of 15
Answer Stats
Question Answer % Correct
What is the Capital of Wales? Cardiff
93%
What country is connected to Wales' eastern Border? England
93%
What is Wales National Animal? Dragon
87%
What is the national sport of wales? Rugby
80%
What is the name of the National Park north of Myrthir Tydfil? Brecon Beacons
60%
What is the English name for Yr Wyddfa? Snowdon
47%
Where is the largest castle in Wales located? Caerphilly
40%
Near Abercraf lies Ogof Ffynnon Ddd, which is the largest Cave in the UK. But is it the longest cave network in the uk? No
40%
In 1888, Bill Frost too to the air 8 years before the Wright Brothers, but stopped this dream after crashing into what? a tree
33%
What was the name of the famous Novel written by Richard Llewellyn about his life in the mining village he grew up in? How green was my valley
33%
What famous Comedian/Singer did "Live at Treorchy"? Max Boyce
33%
Bartholomew Roberts who was originally from Pembrokeshire is considered the most successful pirate of the Golden Age of Piracy. But what was his famous nickname? Black Bart
27%
What is the name of the Welshman who names Mount Everest? (Including his title) Sir George Everest
20%
In March 2020 the world’s largest Welsh cake was baked. But how heavy was it? (In Kg) 28
13%
Felinfoel Brewery, the oldest brewery in South Wales, but what was it the first to sell ourside the U.S. in 1931? Beer is cans
7%
No matching quizzes found
Score Distribution
Percent of People with Each Score
Percentile by Number Answered
Your Score History
You have not taken this quiz